Bariéry implementácie metodík a štandardov IT Governance

Hlavným cieľom tohto vedeckého článku je identifikovať prekážky implementácie IT Governance na základe vedeckých metód, podrobná analýza teoretických východísk a porovnanie uskutočnených štúdií.

Na minha lista:
Detalhes bibliográficos
Autor principal: Bolek, Vladimír, 1988-
Formato: Capítulo de Livro
Idioma:eslovaco
Assuntos:
Tags: Adicionar Tag
Sem tags, seja o primeiro a adicionar uma tag!

MARC

LEADER 00000naa$a2200000$$$4500
001 0290113
005 20240521105849.1
041 0 |a slo 
044 |a SK 
245 1 0 |a Bariéry implementácie metodík a štandardov IT Governance  |c Vladimír Bolek 
520 |a Hlavným cieľom tohto vedeckého článku je identifikovať prekážky implementácie IT Governance na základe vedeckých metód, podrobná analýza teoretických východísk a porovnanie uskutočnených štúdií. 
610 2 0 |a riadenie 
610 2 0 |a riadenie systémové 
610 2 0 |a bariéry inovačné 
610 2 0 |a stratégia podniková 
610 2 0 |a ciele podnikové 
610 2 0 |a ciele riadenia 
610 2 0 |a technológie nové 
100 1 |a Bolek, Vladimír, 1988-